[Event "Tata Steel Tienkamp"]
[Site "Wijk aan Zee"]
[Date "2024.01.24"]
[Round "6"]
[White "Pastar, Slaven"]
[Black "Van Foreest, Machteld"]
[Result "1/2-1/2"]
[WhiteElo "2343"]
[BlackElo "2363"]
[PlyCount "67"]
[EventDate "2024.01.19"]
[EventType "tourn"]
[EventRounds "9"]
[EventCountry "NED"]
[EventCategory "6"]
[SourceTitle "CB05_2024"]
[SourceDate "2024.01.31"]
[SourceVersion "1"]
[SourceVersionDate "2024.01.31"]
[SourceQuality "1"]

1. e4 e5 2. Nf3 Nc6 3. Nc3 Nf6 4. d4 exd4 5. Nxd4 Bb4 6. Nxc6 bxc6 7. Bd3 d5 8. exd5 0-0 9. 0-0 Bg4 10. Ne2 cxd5 11. h3 Bh5 12. c4 dxc4 13. Bxc4 Qxd1 14. Rxd1 Bc5 15. g4 Bg6 16. Nc3 Rae8 17. Bg5 Ne4 18. Nxe4 Bxe4 19. Rac1 Bb6 20. Rd7 Bc6 21. Rd2 Bf3 22. Rd7 Bc6 23. Rxf7 Rxf7 24. Bxf7+ Kxf7 25. Rxc6 Re1+ 26. Kg2 Re2 27. Be3 Bxe3 28. Kf3 Rxb2 29. Rxc7+ Kf6 30. fxe3 Rxa2 31. Rc6+ Ke5 32. Rc7 Kf6 33. Rc6+ Ke5 34. Rc7 1/2-1/2

[Event "Titled Tuesday intern op 16th Jan Late"]
[Site "Chess.com INT"]
[Date "2024.01.16"]
[Round "4"]
[White "Van Foreest, Machteld"]
[Black "Ambartsumova, Karina"]
[Result "0-1"]
[WhiteElo "2363"]
[BlackElo "2418"]
[PlyCount "22"]
[EventDate "2024.01.16"]
[EventType "swiss (blitz)"]
[EventRounds "11"]
[EventCountry "USA"]
[SourceTitle "CB04_2024"]
[SourceDate "2023.10.16"]
[SourceVersion "1"]
[SourceVersionDate "2023.10.16"]
[SourceQuality "1"]

1. e4 e5 2. Nf3 Nc6 3. d4 exd4 4. Nxd4 Bc5 5. Nb3 Bb6 6. Nc3 Nf6 7. Be2 0-0 8. 0-0 Re8 9. Bd3 h6 10. Qe2 d5 11. Rd1 Bg4 0-1

[Event "Groningen op 59th"]
[Site "Groningen"]
[Date "2023.12.24"]
[Round "4"]
[White "Van Foreest, Machteld"]
[Black "Van der Leest, Bert"]
[Result "1-0"]
[WhiteElo "2344"]
[BlackElo "2142"]
[PlyCount "111"]
[EventDate "2023.12.21"]
[EventType "swiss"]
[EventRounds "9"]
[EventCountry "NED"]
[SourceTitle "CB04_2024"]
[SourceDate "2023.10.16"]
[SourceVersion "1"]
[SourceVersionDate "2023.10.16"]
[SourceQuality "1"]

1. e4 c5 2. Nf3 d6 3. d4 cxd4 4. Nxd4 Nf6 5. Nc3 g6 6. Be3 Bg7 7. f3 a6 8. a4 b6 9. Bc4 Bb7 10. 0-0 Nbd7 11. Qe2 0-0 12. Rad1 Qc7 13. Kh1 Ne5 14. Ba2 Rac8 15. Bc1 e6 16. Qf2 Rfd8 17. Qh4 Nfd7 18. Bxe6 Bf6 19. Bg5 Bxg5 20. Qxg5 fxe6 21. Nxe6 Nf7 22. Qe7 Qc4 23. Nxd8 Rxd8 24. Rfe1 Qc8 25. Qh4 Re8 26. f4 Kg7 27. Rd3 Nf6 28. Rde3 Qg4 29. Qf2 Qc8 30. h3 Qc5 31. Qh4 b5 32. axb5 axb5 33. e5 dxe5 34. fxe5 Rxe5 35. Rxe5 Nxe5 36. Qg5 Nfd7 37. Nd1 Qxc2 38. Ne3 Qe4 39. Qe7+ Kg8 40. Qe6+ Kg7 41. Qe7+ Kg8 42. Qd8+ Kg7 43. Qg5 Nf7 44. Qxb5 Bc6 45. Qb3 Nde5 46. Rf1 Nd6 47. Qa3 Nec4 48. Qa7+ Bb7 49. Qb8 Nf5 50. Qc7+ Kh6 51. Ng4+ Kg5 52. Qd8+ Ne7 53. Rf2 h5 54. Qh8 Ng8 55. Qxg8 hxg4 56. Qd8+ 1-0

[Event "EU-chT (Women) 24th"]
[Site "Budva"]
[Date "2023.11.17"]
[Round "6.3"]
[White "Van Foreest, Machteld"]
[Black "Heinemann, Josefine"]
[Result "0-1"]
[WhiteElo "2308"]
[BlackElo "2318"]
[PlyCount "140"]
[EventDate "2023.11.11"]
[EventType "team-swiss"]
[EventRounds "9"]
[EventCountry "MNE"]
[SourceTitle "CB47_2023"]
[SourceDate "2023.11.22"]
[SourceVersion "1"]
[SourceVersionDate "2023.11.22"]
[SourceQuality "1"]
[WhiteTeam "Netherlands (W)"]
[BlackTeam "Germany (W)"]
[WhiteTeamCountry "NED"]
[BlackTeamCountry "GER"]

1. e4 e5 2. Nf3 Nc6 3. Bc4 Bc5 4. c3 Nf6 5. d3 d6 6. 0-0 a5 7. Nbd2 0-0 8. h3 h6 9. Re1 a4 10. Bb5 Bd7 11. Nf1 Ne7 12. Bxd7 Nxd7 13. d4 Bb6 14. Ng3 f5 15. dxe5 Nxe5 16. Nxe5 dxe5 17. exf5 Nxf5 18. Nxf5 Qxd1 19. Rxd1 Rxf5 20. Be3 Bxe3 21. fxe3 Ra6 22. Rd5 Raf6 23. Rad1 Rf2 24. R5d2 Rxd2 25. Rxd2 Rb6 26. Kf2 Kf7 27. Kf3 Ke6 28. Ke4 g6 29. g4 Rc6 30. Rd8 Rb6 31. Rd2 Rc6 32. Rd8 Rb6 33. Rg8 Kf6 34. Rc8 Rxb2 35. Rxc7 a3 36. c4 Ke6 37. Rc5 Rxa2 38. Rxe5+ Kd6 39. Ra5 b6 40. Ra6 Kc5 41. Ra4 Ra1 42. Ke5 a2 43. e4 g5 44. Ke6 Re1 45. Rxa2 Rxe4+ 46. Kf5 Rd4 47. Re2 Kxc4 48. Re6 Rd5+ 49. Kg6 b5 50. Kxh6 b4 51. Kh5 b3 52. h4 b2 53. Re1 gxh4+ 54. Kxh4 Ra5 55. Rb1 Kc3 56. g5 Ra1 57. Rxb2 Kxb2 58. g6 Rg1 59. Kh5 Kc3 60. Kh6 Kd4 61. Kg7 Ke5 62. Kf7 Rf1+ 63. Ke7 Ra1 64. g7 Ra7+ 65. Kf8 Kf6 66. g8N+ Ke6 67. Nh6 Rb7 68. Ng4 Rh7 69. Ne3 Rh4 70. Ng2 Re4 0-1

[Event "EU-chT (Women) 24th"]
[Site "Budva"]
[Date "2023.11.14"]
[Round "4.3"]
[White "Arabidze, Meri"]
[Black "Van Foreest, Machteld"]
[Result "1/2-1/2"]
[WhiteElo "2458"]
[BlackElo "2308"]
[PlyCount "142"]
[EventDate "2023.11.11"]
[EventType "team-swiss"]
[EventRounds "9"]
[EventCountry "MNE"]
[SourceTitle "CB47_2023"]
[SourceDate "2023.11.22"]
[SourceVersion "1"]
[SourceVersionDate "2023.11.22"]
[SourceQuality "1"]
[WhiteTeam "Georgia (W)"]
[BlackTeam "Netherlands (W)"]
[WhiteTeamCountry "GEO"]
[BlackTeamCountry "NED"]

1. c4 e6 2. Nf3 Nf6 3. g3 d5 4. Bg2 dxc4 5. Qa4+ Nbd7 6. Qxc4 a6 7. Qb3 c5 8. d3 Bd6 9. a4 Rb8 10. a5 b5 11. axb6 Nxb6 12. 0-0 0-0 13. Na3 Bb7 14. Bd2 Bc6 15. Qc2 Qc7 16. Ba5 Nfd5 17. Nc4 Qe7 18. Nxd6 Qxd6 19. Rfc1 Nd7 20. d4 Rb5 21. b4 c4 22. Qxc4 Bb7 23. Rab1 Rc8 24. Qxc8+ Bxc8 25. Rxc8+ Nf8 26. Ne5 Nc3 27. Re1 Rxa5 28. bxa5 Qxd4 29. Nc6 Qc5 30. Kf1 g6 31. Rc1 Kg7 32. Na7 Qxa7 33. R8xc3 Qd7 34. Rc5 Qd2 35. Bc6 e5 36. Be4 Ne6 37. R5c2 Qxa5 38. e3 Ng5 39. Bc6 e4 40. h4 Nf3 41. Rc5 Qb6 42. Bd5 Qf6 43. Kg2 Qf5 44. Bxf7 Ne5 45. Ba2 Qf3+ 46. Kg1 Nd3 47. Rc7+ Kh6 48. Rf7 Nxc1 49. Rxf3 exf3 50. Bd5 a5 51. Bxf3 a4 52. Bd5 a3 53. Kg2 Kg7 54. g4 Kf6 55. f4 a2 56. Bxa2 Nxa2 57. e4 Kf7 58. Kf3 h6 59. Ke3 Nb4 60. e5 Nc2+ 61. Ke4 Nb4 62. Ke3 Na6 63. f5 gxf5 64. gxf5 Nc7 65. Kd4 Ke7 66. Ke4 Ne8 67. Kf4 Kf7 68. Kg4 Nc7 69. Kf4 Nd5+ 70. Ke4 Nc7 71. Kf4 Nd5+ 1/2-1/2

[Event "Titled Tuesday intern op 22nd Aug Late"]
[Site "Chess.com INT"]
[Date "2023.08.22"]
[Round "5"]
[White "Van Foreest, Machteld"]
[Black "Cordoba Roa, Angel Gabriel"]
[Result "0-1"]
[WhiteElo "2291"]
[BlackElo "2258"]
[PlyCount "90"]
[EventDate "2023.08.22"]
[EventType "swiss (blitz)"]
[EventRounds "11"]
[EventCountry "USA"]
[SourceTitle "EXT 2024"]
[Source "ChessBase"]
[SourceDate "2023.10.10"]
[SourceVersion "1"]
[SourceVersionDate "2023.10.10"]
[SourceQuality "1"]

1. e4 e5 2. Nf3 Nc6 3. d4 exd4 4. Nxd4 Nf6 5. Nxc6 bxc6 6. e5 Qe7 7. Qe2 Nd5 8. c4 Nb6 9. Nc3 g6 10. Bf4 Bg7 11. Qe3 0-0 12. Bd3 Re8 13. Ne4 Bxe5 14. Bxe5 Qxe5 15. Nf6+ Qxf6 16. Qxe8+ Kg7 17. 0-0 Qxb2 18. Rfe1 Ba6 19. Qe4 d5 20. cxd5 cxd5 21. Qe2 Qxe2 22. Bxe2 Bxe2 23. Rxe2 d4 24. Rc1 Rc8 25. Rc5 Na4 26. Rc4 Nc3 27. Rd2 c5 28. Kf1 Rb8 29. g3 Rb1+ 30. Kg2 Ne4 31. Re2 d3 32. Rcxe4 dxe2 33. Rxe2 Rb7 34. Kf3 c4 35. Rc2 Rc7 36. Ke4 Kf6 37. Kd4 Rd7+ 38. Kxc4 Rc7+ 39. Kd3 Rxc2 40. Kxc2 Ke5 41. Kd3 Kd5 42. h4 f5 43. f3 h5 44. Kc3 a6 45. Kd3 a5 0-1

[Event "Eindhoven Dutch (Women) Top 10 op"]
[Site "Eindhoven"]
[Date "2023.08.14"]
[Round "5"]
[White "Van Foreest, Machteld"]
[Black "Kanyamarala, Trisha"]
[Result "1/2-1/2"]
[WhiteElo "2291"]
[BlackElo "2344"]
[PlyCount "77"]
[EventDate "2023.08.10"]
[EventType "tourn"]
[EventRounds "9"]
[EventCountry "NED"]
[EventCategory "3"]
[SourceTitle "CBM 215 Extra"]
[Source "ChessBase"]
[SourceDate "2023.09.30"]
[SourceVersion "1"]
[SourceVersionDate "2023.09.30"]
[SourceQuality "1"]

1. e4 c5 2. Nf3 Nc6 3. d4 cxd4 4. Nxd4 Nf6 5. Nc3 e5 6. Ndb5 d6 7. Bg5 a6 8. Na3 b5 9. Nd5 Be7 10. Bxf6 Bxf6 11. c3 0-0 12. Nc2 Rb8 13. Bd3 Bg5 14. 0-0 Ne7 15. Nce3 Be6 16. Qe2 Bxd5 17. Nxd5 Nxd5 18. exd5 f5 19. a4 e4 20. Bc2 bxa4 21. Bxa4 Bf4 22. Kh1 Be5 23. f4 exf3 24. Rxf3 Qh4 25. Rh3 Qg4 26. Qd2 Rf6 27. Bd1 Qc4 28. Be2 Qb3 29. Bxa6 Qxb2 30. Qxb2 Rxb2 31. Bc8 h6 32. Rf3 f4 33. h4 h5 34. Be6+ Kf8 35. Ra8+ Ke7 36. Ra7+ Kf8 37. Ra8+ Ke7 38. Ra7+ Kf8 39. Ra8+ 1/2-1/2

[Event "Titled Tuesday intern op 25th Jul Late"]
[Site "Chess.com INT"]
[Date "2023.07.25"]
[Round "1"]
[White "Van Foreest, Machteld"]
[Black "Diaz Garcia, Lianet"]
[Result "1-0"]
[WhiteElo "2291"]
[BlackElo "1999"]
[PlyCount "49"]
[EventDate "2023.07.25"]
[EventType "swiss (blitz)"]
[EventRounds "11"]
[EventCountry "USA"]
[SourceTitle "EXT 2024"]
[Source "ChessBase"]
[SourceDate "2023.10.10"]
[SourceVersion "1"]
[SourceVersionDate "2023.10.10"]
[SourceQuality "1"]

1. e4 c5 2. Nf3 d6 3. d4 cxd4 4. Nxd4 Nf6 5. Nc3 g6 6. Be3 Bg7 7. Be2 0-0 8. 0-0 d5 9. e5 Ne8 10. f4 f6 11. e6 f5 12. Bf3 Nc7 13. Re1 Nc6 14. Qd2 Rf6 15. Rad1 Nxd4 16. Bxd4 Rxe6 17. Bxg7 Kxg7 18. Nxd5 Rxe1+ 19. Qxe1 Nxd5 20. Qe5+ Kh6 21. Bxd5 Qd6 22. Qh8 Rb8 23. Qf8+ Kh5 24. Bf3+ Kh4 25. Qh6# 1-0

[Event "Dieren op"]
[Site "Dieren"]
[Date "2023.07.25"]
[Round "1"]
[White "Van Foreest, Machteld"]
[Black "Ritzerveld, Noah"]
[Result "1/2-1/2"]
[WhiteElo "2291"]
[BlackElo "2007"]
[PlyCount "110"]
[EventDate "2023.07.25"]
[EventType "swiss"]
[EventRounds "9"]
[EventCountry "NED"]
[SourceTitle "CBM 215 Extra"]
[Source "ChessBase"]
[SourceDate "2023.09.30"]
[SourceVersion "1"]
[SourceVersionDate "2023.09.30"]
[SourceQuality "1"]

1. e4 e5 2. Nf3 Nc6 3. Bc4 Nf6 4. d3 Bc5 5. c3 a6 6. Bb3 Ba7 7. 0-0 d6 8. h3 h6 9. Nbd2 0-0 10. Re1 Re8 11. Nf1 Be6 12. Ng3 d5 13. exd5 Nxd5 14. Qc2 Qf6 15. Qe2 Qg6 16. Bxd5 Bxd5 17. Be3 Bxf3 18. Qxf3 Qxd3 19. Rad1 Qg6 20. Bxa7 Rxa7 21. Rd7 b6 22. Nf5 h5 23. Red1 Qe6 24. Qxh5 Qf6 25. Qf3 e4 26. Nh6+ Kh7 27. Qxf6 gxf6 28. Nf5 Kg6 29. g4 Ne5 30. Rd8 Ra8 31. Ne7+ Kg7 32. Rxa8 Rxa8 33. Kg2 Re8 34. Nf5+ Kg6 35. Rd4 Nd3 36. b3 Nf4+ 37. Kh2 Ne2 38. Rd7 Nxc3 39. Rxc7 Nxa2 40. h4 Rd8 41. Kg3 Rd3+ 42. Kf4 Rf3+ 43. Kxe4 Rxb3 44. Kf4 Rb4+ 45. Kg3 Rb3+ 46. Kf4 Rb4+ 47. Kg3 Rb3+ 48. f3 Nc3 49. h5+ Kh7 50. Rxf7+ Kg8 51. Ra7 Ne4+ 52. Kh4 Ng5 53. Ra8+ Kh7 54. Ra7+ Kh8 55. Ra8+ Kh7 1/2-1/2

[Event "Titled Tuesday intern op 18th Jul Late"]
[Site "Chess.com INT"]
[Date "2023.07.18"]
[Round "11"]
[White "Gavrilin, Roman"]
[Black "Van Foreest, Machteld"]
[Result "1-0"]
[WhiteElo "2156"]
[BlackElo "2291"]
[PlyCount "99"]
[EventDate "2023.07.18"]
[EventType "swiss (blitz)"]
[EventRounds "11"]
[EventCountry "USA"]
[SourceTitle "EXT 2024"]
[Source "ChessBase"]
[SourceDate "2023.10.10"]
[SourceVersion "1"]
[SourceVersionDate "2023.10.10"]
[SourceQuality "1"]

1. e4 c5 2. Nf3 e6 3. d4 cxd4 4. Nxd4 Nc6 5. Nc3 Nf6 6. Ndb5 Bc5 7. Nd6+ Ke7 8. Bf4 e5 9. Nf5+ Kf8 10. Bg5 d6 11. Be3 Bb4 12. Qd3 d5 13. exd5 Qxd5 14. Qxd5 Nxd5 15. 0-0-0 Bxf5 16. Nxd5 Rc8 17. c3 Be7 18. Nxe7 Kxe7 19. Bc5+ Kf6 20. Rd6+ Be6 21. Be2 Rhd8 22. Rhd1 Rxd6 23. Rxd6 b6 24. Be3 Nb4 25. a3 Nd5 26. Ba6 Rc7 27. Rd8 Ke7 28. Ra8 Nxe3 29. fxe3 Bb3 30. Be2 Rd7 31. Rc8 f5 32. c4 Kf6 33. c5 bxc5 34. Rxc5 f4 35. exf4 exf4 36. Rc3 Ba4 37. Bf3 Re7 38. Rc4 Bb3 39. Rxf4+ Kg5 40. Rb4 Bf7 41. h4+ Kf6 42. Rf4+ Kg6 43. Rb4 Re1+ 44. Kd2 Rh1 45. h5+ Kh6 46. Rb7 a5 47. Rxf7 Rh2 48. Rf4 g6 49. hxg6 hxg6 50. Ra4 1-0

[Event "Titled Tuesday intern op 18th Jul Late"]
[Site "Chess.com INT"]
[Date "2023.07.18"]
[Round "7"]
[White "Van Foreest, Machteld"]
[Black "Arabidze, Meri"]
[Result "1-0"]
[WhiteElo "2291"]
[BlackElo "2451"]
[PlyCount "83"]
[EventDate "2023.07.18"]
[EventType "swiss (blitz)"]
[EventRounds "11"]
[EventCountry "USA"]
[SourceTitle "EXT 2024"]
[Source "ChessBase"]
[SourceDate "2023.10.10"]
[SourceVersion "1"]
[SourceVersionDate "2023.10.10"]
[SourceQuality "1"]

1. e4 c5 2. Nf3 e6 3. d4 cxd4 4. Nxd4 Nc6 5. Nc3 Qc7 6. a3 a6 7. Be3 b5 8. Nxc6 Qxc6 9. Be2 Bb7 10. 0-0 Rc8 11. Bd4 Nf6 12. Bf3 Qc7 13. e5 Nd5 14. Nxd5 exd5 15. c3 Be7 16. e6 dxe6 17. Bxg7 Rg8 18. Qd4 Qc4 19. Qe5 Qc7 20. Qd4 Qc5 21. Qe5 Qd6 22. Qd4 Rc4 23. Qa7 Bc8 24. Bd4 e5 25. Be3 e4 26. Be2 Rc7 27. Qb8 Rc6 28. Qxd6 Rxd6 29. Rfd1 Rdg6 30. g3 Be6 31. a4 b4 32. cxb4 Bxb4 33. Bxa6 h5 34. Bb5+ Kf8 35. a5 Kg7 36. a6 Bc8 37. a7 Bb7 38. Rd4 Be7 39. Rda4 Ba8 40. Ra6 Kh7 41. Rxg6 fxg6 42. Ra6 1-0

[Event "Titled Tuesday intern op 18th Jul Late"]
[Site "Chess.com INT"]
[Date "2023.07.18"]
[Round "4"]
[White "Van Foreest, Machteld"]
[Black "Begmuratov, Alisher"]
[Result "0-1"]
[WhiteElo "2291"]
[BlackElo "2395"]
[PlyCount "92"]
[EventDate "2023.07.18"]
[EventType "swiss (blitz)"]
[EventRounds "11"]
[EventCountry "USA"]
[SourceTitle "EXT 2024"]
[Source "ChessBase"]
[SourceDate "2023.10.10"]
[SourceVersion "1"]
[SourceVersionDate "2023.10.10"]
[SourceQuality "1"]

1. e4 c5 2. Nf3 Nc6 3. d4 cxd4 4. Nxd4 g6 5. c4 Bg7 6. Be3 Nf6 7. Nc3 0-0 8. Be2 d6 9. 0-0 Bd7 10. Qd2 Nxd4 11. Bxd4 Bc6 12. f3 a5 13. Rfd1 Nd7 14. Nd5 Bxd4+ 15. Qxd4 Bxd5 16. cxd5 Nc5 17. b3 Qb6 18. e5 dxe5 19. Qe3 Qd6 20. Rac1 Rac8 21. Qd2 b6 22. Bb5 Rfd8 23. Qe3 e6 24. Bc4 b5 25. dxe6 Qxd1+ 26. Rxd1 Rxd1+ 27. Bf1 Nxe6 28. Qxe5 Rcc1 29. Qb8+ Nf8 30. Qxb5 Rxf1+ 31. Qxf1 Rxf1+ 32. Kxf1 Ne6 33. Ke2 Nf4+ 34. Ke3 Nxg2+ 35. Kd4 Kf8 36. Kc5 Ke7 37. Kb5 Kd7 38. Kxa5 Kc7 39. b4 Kb7 40. b5 Nh4 41. Kb4 Nxf3 42. a4 Nd4 43. Kc4 Nxb5 44. axb5 f5 45. Kc5 f4 46. h4 f3 0-1